000 00792nas a2200253 4500
001 BR2011004462
003 BR-BrBNA
005 20231205115618.0
007 ta
008 230509b bl.|||p| |||| 00| 00por d
040 _aBR-BrBNA
_bpor
_cBiblioteca Nacional de Agricultura
041 _a(Pt)
072 _aF40; F50; F62
100 1 _aTeixeira, A.Z.A.
245 1 _aCaracterísticas de compactação dos pós do envoltório da semente de Tingui (Mogonia pubescens)
650 _aBIOLOGIA VEGETAL
650 _aANATOMIA VEGETAL
650 _aSEMENTE
650 _aTINGUI
650 _aANÁLISE
773 0 _tEstudos de Biologia (Brazil)
_xISSN 0102-2067
_g(Jul-Dec 2007), v. 29(68-69) p. 277-282
_wBR2011004462
909 _a202311
_bLúcia
_c55
_dLúcia Elande
942 _2AGRIS
_n0
_cANA
999 _c214781
_d214781